000 00482nam a2200157 a 4500
001 000031385
005 20200930062908.0
008 110620s1951 dr c 000 | spa d
040 _aDO-SdBNP
_bspa
_cBNPHU
082 _axxx
_bP349b
100 1 _aPeña Santana, Santiago de
_956800
245 1 0 _aBalance de una era de oro /
_cSantiago de Peña Santana.
260 _aCiudad Trujillo, República Dominicana :
_bAmérica,
_c1951.
300 _a15 p. :
_bretr. ;
_c18 cm.
049 _aBNPD
999 _c30877
_d30877